书目信息 |
| 题名: |
路基
|
|
| 作者: | 《路基设计手册》编写组编 | |
| 分册: | ||
| 出版信息: | 北京 人民交通出版社 1982 |
|
| 页数: | 569页 | |
| 开本: | 25cm | |
| 丛书名: | ||
| 单 册: | ||
| 中图分类: | U416 | |
| 科图分类: | ||
| 主题词: | 公路路基 | |
| 电子资源: | ||
| ISBN: | ||
| 000 | 00555nam0 2200229 45 | |
| 001 | 0182004002 | |
| 005 | 20060810162513.65 | |
| 010 | @dCNY6.10 | |
| 091 | @a15044.1747 | |
| 100 | @a19950623d1982 em y0chiy0121 ea | |
| 101 | 0 | @achi |
| 102 | @aCN@b110000 | |
| 105 | @ay z 000yy | |
| 200 | 10 | @a路基@Alu ji@f《路基设计手册》编写组编 |
| 210 | @a北京@c人民交通出版社@d1982 | |
| 215 | @a569页@d25cm | |
| 300 | @a公路设计手册 | |
| 606 | @a公路路基 | |
| 690 | @aU416@v3 | |
| 801 | 2 | @aCN@bNLC@c20060810 |
| 801 | 0 | @aCN@bTSSF |
| 905 | @a10447@dU416@e162 | |
| 路基/《路基设计手册》编写组编.-北京:人民交通出版社,1982 |
| 569页;25cm |
| 公路设计手册 |
| ISBN :CNY6.10 |
| ● |
| 相关链接 |
|
|
|
|
正题名:路基
索取号:U416/162
 
预约/预借
| 序号 | 登录号 | 条形码 | 馆藏地/架位号 | 状态 | 备注 |
| 1 | 0452007 | 204520072 | 密集书库/ [索取号:U416/162] | 在馆 | |
| 2 | 0452008 | 204520081 | 密集书库/ [索取号:U416/162] | 在馆 | |
| 3 | 0452009 | 204520090 | 密集书库/ [索取号:U416/162] | 在馆 | |
| 4 | 0452010 | 204520107 | 密集书库/ [索取号:U416/162] | 在馆 | |
| 5 | 0452011 | 204520116 | 密集书库/ [索取号:U416/162] | 在馆 |